[Event "Challenge"]
[Site "http://www.queenalice.com/game.php?id=1078934"]
[Date "2012.7.3"]
[Round "-"]
[White "vikingdane"]
[Black "pj"]
[Result "0-1"]
[WhiteElo "1507"]
[BlackElo "1513"]

1. d4 d5 2. Nf3 f6 3. Nc3 c6 4. e4 g5 5. Qe2 g4 6. Nh4 dxe4 7. Nxe4 a5 8. Bf4
Nd7 9. O-O-O b5 10. Qd3 f5 11. Nxf5 h5 12. Re1 e6 13. Nfd6+ Bxd6 14. Nxd6+ Ke7
15. g3 Ngf6 16. Bg2 Ra6 17. Qg6 Qf8 18. Nf5+ Kd8 19. Bg5 Rg8 20. Qh6 exf5 21.
Bxc6 Rxc6 22. Bd2 Rh8 23. Qg5 b4 24. d5 Rd6 25. Re6 Rg8 26. Qxf5 Rxd5 27. Qf4
Rg6 28. Rc6 Ne5 29. Rc3 bxc3 30. Bxc3 Ned7 31. a3 Rgg5 32. Re1 Rgf5 33. Qe3 Rf3
34. Qa7 Qh6+ 35. Kb1 Rxc3 36. bxc3 Qd2 37. Rc1 Rb5+ 38. Ka2 Qxc1 39. a4 Qb2# 0-1

[Event "Challenge"]
[Site "http://www.queenalice.com/game.php?id=1086551"]
[Date "2012.7.25"]
[Round "-"]
[White "vikingdane"]
[Black "pj"]
[Result "0-1"]
[WhiteElo "1287"]
[BlackElo "1560"]

1. d4 h5 2. e4 a5 3. e5 b5 4. Bxb5 c6 5. Ba4 h4 6. h3 e6 7. Nf3 f6 8. Bf4 g5 9.
Be3 Nh6 10. Nc3 Nf5 11. d5 Nxe3 12. fxe3 cxd5 13. e4 fxe5 14. Nxe5 Qb6 15. exd5
Bg7 16. Ng6 Rh6 17. b3 Bxc3+ 18. Ke2 Bxa1 19. Qd3 Ba6 20. c4 Bd4 21. Rf1 exd5
22. Nf8 dxc4 23. bxc4 Nc6 24. Qf5 Bxc4+ 25. Kd1 Rd6 26. Re1+ Be3+ 27. Kc2 Rd2+
28. Kc1 Qb2# 0-1

[Event "Challenge"]
[Site "http://www.queenalice.com/game.php?id=1088424"]
[Date "2012.7.29"]
[Round "-"]
[White "iowahawk"]
[Black "vikingdane"]
[Result "0-1"]
[WhiteElo "1371"]
[BlackElo "1444"]

1. e4 g6 2. d4 d5 3. e5 Bg7 4. Nf3 Nc6 5. Bb5 Bg4 6. h3 Bxf3 7. Qxf3 a6 8. Bxc6+
bxc6 9. O-O Nh6 10. Bxh6 Bxh6 11. Nc3 O-O 12. Na4 Rb8 13. b3 f6 14. e6 Rb4 15.
c3 Rb5 16. Nc5 f5 17. Nxa6 Rf6 18. Qe2 f4 19. c4 Ra5 20. Nc5 Qd6 21. Nb7 f3 22.
gxf3 Rxe6 23. Nxd6 Rxe2 24. Nb7 Ra8 25. Nc5 Rf8 26. Kg2 Rf5 27. cxd5 Rg5+ 28.
Kh2 Rxd5 29. b4 Bf4+ 30. Kh1 Rxd4 31. a3 h5 32. Na6 Be5 33. Rae1 Rxe1 34. Rxe1
Bf6 35. Nxc7 Rh4 36. Kg2 Kh7 37. b5 cxb5 38. Nxb5 g5 39. Kg3 Kg6 40. Re4 Rxe4
41. fxe4 Be5+ 42. Kg2 h4 43. f3 Kf6 44. a4 Bb8 45. a5 Ke6 46. a6 Ke5 47. a7 Bxa7
48. Nxa7 Kf4 0-1

[Event "Challenge"]
[Site "http://www.queenalice.com/game.php?id=1088425"]
[Date "2012.7.29"]
[Round "-"]
[White "iowahawk"]
[Black "vikingdane"]
[Result "0-1"]
[WhiteElo "1374"]
[BlackElo "1422"]

1. g3 d5 2. d4 Nf6 3. Nf3 Qd6 4. e3 Nc6 5. Bb5 Qb4+ 6. Nc3 g6 7. a3 Qd6 8. Ne5
Bg7 9. b4 O-O 10. Bxc6 bxc6 11. Bb2 Bf5 12. O-O Bh3 13. Re1 Ng4 14. Nxg4 f5 15.
Ne5 Bxe5 16. dxe5 Qxe5 17. f4 Qe6 18. Qd4 a5 19. Qe5 Qd7 20. b5 e6 21. bxc6 Qxc6
22. Nb5 d4 23. Re2 h5 24. e4 fxe4 25. a4 d3 26. cxd3 exd3 27. Qh8+ Kf7 28. Rc1
Qxc1+ 29. Bxc1 Rxh8 30. Rd2 Bf5 31. Nxc7 Rac8 32. Bb2 Rhd8 33. Nb5 Rc4 34. Be5
Rxa4 35. Nd6+ Ke7 36. Nb7 Rd5 37. Kf2 h4 38. gxh4 Ra3 39. Ke3 a4 40. Bd4 Rb3 41.
Nc5 Rb4 42. Na6 Rbxd4 43. Nc7 Re4+ 44. Kf3 Rdd4 45. Nb5 Rxf4+ 46. Ke3 Rde4+ 47.
Kxd3 Re5+ 48. Kc3 Rxb5 49. Ra2 Rc5+ 50. Kd2 Rf2+ 51. Ke3 Rxa2 52. Kf4 Rxh2 53.
Kg3 a3 54. Kxh2 Rc3 0-1

[Event "Challenge"]
[Site "http://www.queenalice.com/game.php?id=1093525"]
[Date "2012.8.16"]
[Round "-"]
[White "pj"]
[Black "vikingdane"]
[Result "0-1"]
[WhiteElo "1494"]
[BlackElo "1274"]

1. e4 e5 2. g4 g5 3. a4 Nc6 4. c3 Nf6 5. f3 a6 6. b4 d5 7. exd5 Nxd5 8. Bc4 Nf4
9. a5 e4 10. h3 Qe7 11. Rh2 exf3+ 12. Be2 Nd3+ 13. Kf1 f2 14. Nf3 Nce5 15. Nxe5
Qxe5 16. Bxd3 Qxh2 17. Qe2+ Be7 18. Qxf2 Qxh3+ 19. Qg2 Qxd3+ 20. Qe2 Qxe2+ 21.
Kxe2 Bxg4+ 22. Kf2 h5 23. d4 h4 24. Be3 h3 25. Nd2 h2 26. Rh1 O-O-O 27. Kg3 f5
28. Nc4 Rde8 29. Ne5 Bd6 30. Bxg5 Rh3+ 31. Kg2 Bxe5 32. dxe5 Rxe5 33. Rxh2 Re2+
34. Kf1 Rexh2 35. Ke1 Re2+ 36. Kf1 Rh1# 0-1

[Event "Challenge"]
[Site "http://www.queenalice.com/game.php?id=1093818"]
[Date "2012.8.16"]
[Round "-"]
[White "vangogh"]
[Black "vikingdane"]
[Result "0-1"]
[WhiteElo "1426"]
[BlackElo "1331"]

1. e4 g6 2. Bc4 e6 3. Qf3 Nf6 4. g4 d5 5. Bb5+ c6 6. Bd3 Bg7 7. Nc3 b5 8. e5
Nfd7 9. Be2 Nxe5 10. Qe3 Qh4 11. d4 Nxg4 12. Qf3 O-O 13. Bf4 Bxd4 14. Nd1 e5 15.
Qg3 Qxg3 16. Bxg3 Nh6 17. c3 Bc5 18. Bxe5 Nd7 19. Bf4 Nf5 20. Nf3 Re8 21. Rc1
Ba6 22. b4 Bd6 23. Ne3 Bxf4 24. Nd4 Nxe3 25. Rg1 Bxh2 26. Rh1 Bf4 27. Bg4 Nxg4+
28. Kf1 Bxc1 29. Kg2 Bf4 30. Nxc6 Re2 31. a3 Nxf2 32. Rh4 Rae8 33. Kf3 g5 34.
Rh5 R8e3+ 35. Kg2 Kg7 36. Nd4 Rg3+ 37. Kf1 Kg6 38. Rh2 Rd2 39. Nc6 Rxc3 40. Ne7+
Kf6 41. Ng8+ Ke5 42. Rxh7 Ne4 43. Rxf7 Rc1# 0-1

[Event "Challenge"]
[Site "http://www.queenalice.com/game.php?id=1120804"]
[Date "2012.11.10"]
[Round "-"]
[White "pj"]
[Black "vikingdane"]
[Result "0-1"]
[WhiteElo "1488"]
[BlackElo "1389"]

1. e4 e5 2. g4 d5 3. exd5 Qxd5 4. c4 Qxh1 5. Nf3 Bxg4 6. Qe2 Bxf3 7. Qxe5+ Be7
8. d4 Nc6 9. Qe3 Nf6 10. h3 Bg2 11. Kd2 Ne4+ 12. Kc2 Qxf1 13. Nd2 Nxd2 14. Kxd2
O-O-O 15. d5 Bb4+ 16. Kc2 Rhe8 17. Qd3 Qxf2+ 18. Kb3 Qb6 19. a3 Bc5+ 20. Ka2 Qa6
21. Kb1 Be4 22. Qxe4 Rxe4 23. dxc6 Re1 24. b4 Rd2 25. Ra2 Rxa2 26. Kxa2 Qxc4+
27. Kb1 Qxc1+ 28. Ka2 Qb1# 0-1

[Event "Challenge"]
[Site "http://www.queenalice.com/game.php?id=1138136"]
[Date "2013.1.7"]
[Round "-"]
[White "pj"]
[Black "vikingdane"]
[Result "0-1"]
[WhiteElo "1522"]
[BlackElo "1463"]

1. e4 e5 2. g4 d6 3. f3 Nf6 4. h4 Nxg4 5. fxg4 g6 6. g5 Nc6 7. c3 Be6 8. b4 f6
9. Nf3 Bg4 10. Be2 d5 11. gxf6 Qxf6 12. exd5 e4 13. Nd4 Nxd4 14. Bxg4 Nf5 15.
Bxf5 gxf5 16. Qe2 O-O-O 17. d3 Re8 18. dxe4 Rxe4 19. Be3 Bh6 20. Rh3 Rhe8 21.
Kd1 Bxe3 22. Qh5 Bf4 23. Kc2 b6 24. Na3 Qd6 25. Rd1 a5 26. Nb5 Qe5 27. Na7+ Kd7
28. Nc6 Re2+ 29. Kb3 Rb2+ 30. Kxb2 Qd6 31. Qxh7+ Kc8 32. bxa5 bxa5 33. Qxf5+ Kb7
34. Qf7 Re2+ 35. Kb3 Bd2 36. Kc2 Bxc3+ 37. Kxc3 Qc5+ 38. Kd3 Qc2+ 39. Kd4 Re4#
0-1

[Event "OS INCLIVEIS"]
[Site "http://www.queenalice.com/game.php?id=1149818"]
[Date "2013.2.8"]
[Round "-"]
[White "adelio"]
[Black "vikingdane"]
[Result "1-0"]
[WhiteElo "1684"]
[BlackElo "1489"]

1. d4 d5 2. e4 Nf6 3. e5 Ne4 4. f3 Bg4 5. h3 Bh5 6. g4 Ng3 7. gxh5 Nxh1 8. Ne2
e6 9. Be3 Qh4+ 10. Kd2 Nc6 11. c3 O-O-O 12. a4 Na5 13. Nf4 Nc4+ 14. Bxc4 Ng3 15.
Be2 g6 16. a5 a6 17. Qb3 Be7 18. Na3 g5 19. Nd3 g4 20. Nc5 Bxc5 21. dxc5 gxf3
22. Bf1 Ne4+ 23. Kc2 c6 24. Qb6 Qe7 25. Qa7 Rhe8 26. Bxa6 bxa6 27. Qxa6+ Qb7 28.
Qb6 Qxb6 29. axb6 Rg8 30. Nb5 cxb5 31. c6 Kb8 32. c7+ Kc8 33. Ra8+ Kd7 34.
cxd8=Q+ Rxd8 35. b7 Kc7 36. Ra7 Rb8 37. b4 Rxb7 38. Ra1 f6 39. Bf4 fxe5 40.
Bxe5+ Kc6 41. Bd4 Kd7 42. Rf1 Ng5 43. h4 Ne4 44. Rxf3 Nd6 45. Bf2 Rc7 46. Bg3
Rc6 47. Bxd6 Rxd6 48. Rf7+ Ke8 49. Rxh7 Rc6 50. Kd3 e5 51. h6 e4+ 52. Kd4 Rc4+
53. Kxd5 Rxc3 54. Kxe4 Rc4+ 55. Kd5 Kf8 56. h5 Rxb4 57. Kc5 Rb1 58. Rb7 Kg8 59.
Kd4 b4 60. Ke5 b3 61. Kf6 Kh8 62. h7 Rh1 63. Kg6 Rg1+ 64. Kh6 Rb1 65. Rb8# 1-0

[Event "Challenge"]
[Site "http://www.queenalice.com/game.php?id=1153593"]
[Date "2013.2.19"]
[Round "-"]
[White "vikingdane"]
[Black "pj"]
[Result "0-1"]
[WhiteElo "1471"]
[BlackElo "1627"]

1. e4 e5 2. Nc3 c6 3. Nf3 f6 4. d3 g5 5. d4 exd4 6. Qxd4 b5 7. h4 g4 8. Ng5 c5
9. Qd5 Nc6 10. Nf7 Qe7 11. Nxb5 Qxf7 12. Nd6+ Bxd6 13. Qxd6 Qe7 14. Qd5 a5 15.
Bb5 h5 16. Bxc6 Ra7 17. Be3 Rc7 18. Bxc5 dxc6 19. Qd4 Rd7 20. Qe3 Qe5 21. f4
gxf3 22. gxf3 Qxb2 23. O-O Qxc2 24. a3 Rd3 25. Qf2 Rd2 26. Qg3 Qxc5+ 27. Kh1 Ne7
28. Rab1 Rg8 29. Rbc1 Qxa3 30. Qe1 Rgg2 31. Qxd2 Rxd2 32. Rg1 Qxf3+ 0-1

[Event "OS INCLIVEIS"]
[Site "http://www.queenalice.com/game.php?id=1153862"]
[Date "2013.2.20"]
[Round "-"]
[White "adelio"]
[Black "vikingdane"]
[Result "1-0"]
[WhiteElo "1741"]
[BlackElo "1478"]

1. d4 d5 2. e4 Nf6 3. e5 Ng4 4. h3 Nxf2 5. Kxf2 e6 6. Nf3 f6 7. Nbd2 Nc6 8. h4
fxe5 9. Nxe5 Qf6+ 10. Ndf3 Bd6 11. Bg5 Qf5 12. Bd3 Qf8 13. Kg1 Nxe5 14. dxe5
Bc5+ 15. Kh2 h6 16. Bd2 g5 17. h5 g4 18. Bg6+ Kd8 19. Nh4 Qf2 20. Bg5+ Kd7 21.
Qxg4 hxg5 22. Qxg5 Be3 23. Qg4 Bf4+ 24. Kh3 Rf8 25. Nf3 b6 26. Raf1 Qe3 27. c3
Bxe5 28. Re1 Rxf3+ 29. gxf3 Qf4 30. Qxf4 Bxf4 31. Bf7 Kd6 32. Rd1 Bd7 33. c4 Rf8
34. Bg6 c6 35. Kg2 Bc8 36. b3 Rg8 37. Rh4 Be3 38. f4 a5 39. a4 Rf8 40. Rf1 Ba6
41. Kf3 d4 42. Ke2 Kc5 43. Kd3 Kb4 44. Kc2 e5 45. Bd3 Rxf4 46. Rfxf4 exf4 47. h6
f3 48. h7 f2 49. h8=Q f1=Q 50. Bxf1 1-0

[Event "Challenge"]
[Site "http://www.queenalice.com/game.php?id=1159135"]
[Date "2013.3.8"]
[Round "-"]
[White "pj"]
[Black "vikingdane"]
[Result "0-1"]
[WhiteElo "1571"]
[BlackElo "1460"]

1. e4 e5 2. c4 Bc5 3. g4 Nf6 4. d3 d6 5. h3 g6 6. Nf3 h6 7. g5 Nh5 8. gxh6 Nc6
9. h4 Bg4 10. Bg5 f6 11. Bd2 Nd4 12. Be2 c6 13. Rg1 Qd7 14. b4 Bxf3 15. Bxf3 Bb6
16. Rxg6 Nf4 17. Bxf4 exf4 18. Bh5 O-O-O 19. Bg4 f5 20. exf5 Qe7+ 21. Kf1 Qxh4
22. f6+ Kb8 23. Ke1 Rde8+ 24. Kd2 Qxf2+ 25. Kc3 c5 26. bxc5 Ba5# 0-1

[Event "Challenge"]
[Site "http://www.queenalice.com/game.php?id=1163550"]
[Date "2013.3.22"]
[Round "-"]
[White "pj"]
[Black "vikingdane"]
[Result "0-1"]
[WhiteElo "1592"]
[BlackElo "1483"]

1. e4 g6 2. g4 Nf6 3. f3 Nc6 4. c3 d6 5. a4 e5 6. h4 d5 7. g5 Nh5 8. b4 d4 9. b5
Na5 10. Rh2 Bc5 11. Qc2 Be6 12. cxd4 Bxd4 13. Ra3 Bxg1 14. Rd3 Qe7 15. Rg2 Bd4
16. Bb2 Rd8 17. Ba3 Qd7 18. Bb4 b6 19. Bc3 Nc4 20. Bxd4 exd4 21. Nc3 O-O 22. Ne2
Ne5 23. Rxd4 Nxf3+ 24. Kd1 Nxd4 25. Nxd4 Qxd4 26. Re2 Bg4 27. d3 Qa1+ 28. Kd2
Qxf1 29. Re1 Qf2+ 30. Kc3 Qxe1+ 31. Kb2 Bd1 32. Qb1 Qd2+ 33. Ka1 Rxd3 34. Qb2
Qe1 35. Qc1 Ra3+ 36. Qxa3 Bc2+ 37. Kb2 Qd2 38. Qc3 Qxc3+ 39. Kxc3 Bxe4 40. Kd4
Re8 41. Kc4 Kf8 42. Kb4 Ke7 43. a5 Kd6 44. axb6 cxb6 45. Kc4 Ke5 46. Kc3 Rd8 47.
Kc4 Rc8+ 48. Kb4 Nf4 49. Kb3 Ng2 50. Kb2 Nxh4 51. Kb3 f6 52. gxf6 Kxf6 53. Kb4
g5 54. Kb3 g4 55. Kb4 g3 56. Kb3 g2 57. Kb4 g1=Q 58. Kb3 Bc2+ 59. Kb4 Qb1+ 60.
Ka3 Qb3# 0-1

[Event "Challenge"]
[Site "http://www.queenalice.com/game.php?id=1172438"]
[Date "2013.4.16"]
[Round "-"]
[White "pj"]
[Black "vikingdane"]
[Result "0-1"]
[WhiteElo "1577"]
[BlackElo "1505"]

1. e4 e5 2. g4 g6 3. h4 Nf6 4. f3 d5 5. g5 Nh5 6. a4 Nc6 7. c3 Be6 8. b4 Ng3 9.
Rh2 dxe4 10. fxe4 Nxe4 11. a5 Bd6 12. b5 Ne7 13. Bg2 Nc5 14. d4 exd4 15. cxd4
Bg3+ 16. Kf1 Bc4+ 17. Ne2 Bxh2 18. Na3 Bxe2+ 19. Qxe2 Qxd4 20. Qf2 Qxa1 21. Qxc5
O-O 22. Qxe7 Qxc1+ 23. Kf2 Qf4+ 24. Ke2 Rfe8 25. Qxe8+ Rxe8+ 26. Kd1 Qd4+ 27.
Kc1 Qc3+ 28. Nc2 Re2 29. Bxb7 Qxc2# 0-1

[Event "Challenge"]
[Site "http://www.queenalice.com/game.php?id=1178486"]
[Date "2013.5.4"]
[Round "-"]
[White "vikingdane"]
[Black "pj"]
[Result "1-0"]
[WhiteElo "1525"]
[BlackElo "1569"]

1. e4 e5 2. Nf3 f6 3. Bc4 h5 4. c3 h4 5. h3 Ne7 6. d4 exd4 7. cxd4 c6 8. d5 b5
9. Bb3 cxd5 10. Qe2 b4 11. exd5 Ba6 12. Qe3 Bb7 13. d6 Bxf3 14. Qxf3 Nec6 15.
O-O Bxd6 16. Re1+ Ne5 17. Qxa8 Qc7 18. a3 Ke7 19. Qd5 Kd8 20. Be3 a5 21. axb4
Bxb4 22. Rc1 Nec6 23. Nc3 Ne7 24. Qd4 Nec6 25. Qg4 g5 26. f4 Re8 27. Nd5 Qd6 28.
Bb6+ Kc8 29. Ba4 Qxd5 30. Qh5 Re4 31. Rd1 Qf5 32. Bc2 Qxf4 33. Bxe4 Qxe4 34.
Rac1 Qe5 35. Ba7 Na6 36. Qg4 Qe7 37. Rxc6+ Kd8 38. Rxa6 f5 39. Qxf5 Qe2 40.
Qxd7# 1-0

[Event "Challenge"]
[Site "http://www.queenalice.com/game.php?id=1191511"]
[Date "2013.6.16"]
[Round "-"]
[White "hambu1"]
[Black "vikingdane"]
[Result "1-0"]
[WhiteElo "1593"]
[BlackElo "1541"]

1. e4 e5 2. Nf3 Nc6 3. d3 g6 4. a3 Nf6 5. h3 a6 6. Be3 d5 7. Nbd2 d4 8. Bg5 b5
9. Bh4 Bg7 10. Bg3 Qd6 11. b3 b4 12. a4 a5 13. Nc4 Qc5 14. Nfd2 O-O 15. Be2 Re8
16. Bf3 Ra6 17. O-O Be6 18. Re1 Bxc4 19. Nxc4 h5 20. Bh4 Ne7 21. Qd2 Qc6 22. Bg3
Qe6 23. Bxe5 c5 24. Bxf6 Bxf6 25. Qe2 Be5 26. g4 Bf4 27. Qf1 Qf6 28. Qg2 Bd2 29.
Nxd2 Nc6 30. Be2 Ne5 31. f3 Qg5 32. Rad1 Rae6 33. Rf1 Rf6 34. Nc4 hxg4 35. hxg4
Ree6 36. Nxe5 Rxe5 37. Rf2 Qe3 38. Kf1 Kg7 39. Ke1 Rf4 40. Rf1 Re8 41. Qf2 Rxf3
42. Qxf3 Qxf3 43. Bxf3 Re5 44. Kd2 g5 45. Rh1 Re6 46. Be2 Kg6 47. Rh8 Re5 48.
Ra8 c4 49. bxc4 f6 50. Rd8 f5 51. gxf5+ Kf7 52. Rxd4 1-0

[Event "Challenge"]
[Site "http://www.queenalice.com/game.php?id=1218754"]
[Date "2013.9.21"]
[Round "-"]
[White "alexrs"]
[Black "vikingdane"]
[Result "1-0"]
[WhiteElo "1713"]
[BlackElo "1550"]

1. d4 d5 2. e3 Nf6 3. c4 Bg4 4. cxd5 Bxd1 5. Kxd1 Nxd5 6. Nf3 Nc6 7. e4 Nxd4 8.
Nxd4 Nf6 9. Be3 Nxe4 10. f3 Nc5 11. Nd2 g6 12. Rc1 e5 13. Nb5 c6 14. Bxc5 Bxc5
15. Rxc5 O-O 16. Nc3 Qd4 17. Rc4 Qe3 18. Nce4 Rad8 19. Rc3 Qf4 20. g3 Qf5 21.
Bd3 Qe6 22. b3 f5 23. Nc5 Qe7 24. Re1 b5 25. f4 h5 26. fxe5 Rd5 27. b4 h4 28. e6
Ra8 29. Nd7 Rd6 30. Nc5 a5 31. a3 axb4 32. Rc1 bxa3 33. Re2 1-0